00347 2200145 4500001002100000005001500021035002000036245004000056100001900096250000600115260003600121082000800157084001400165990002200179INLIS00000000000244820250604103041 a0010-06250000341 aBadai Sampai Sore /cMotinggo Busye0 aMotinggo Busye a1 aJakarta :bBalai Pustaka,c2002 a813 a813 MOT b a021870 s/d 021879